banner-ar

THE BOSNIAN MUSLIMS: DENIAL OF A NATION / (Record no. 14055)

MARC details
000 -الفاتح
حقل البيانات ثابتة الطول 00543nam a2200181Ia 4500
008 - عناصر البيانات ثابتة الطول - معلومات عامة
حقل البيانات ثابتة الطول 140319s9999 xx 000 0 eng d
040 ## - مصدر الفهرسة
وكالة الفهرسة الأصلية GCL /
وكالة النسخ GCL
082 04 - رقم تصنيف ديوى العشرى
رقم التصنيف 305.6971049742
رقم المادة F B
100 1# - المدخل الرئيسى - إسم شخصى
الإسم الشخصى FRIEDMAN, FRANCINE
245 10 - بيان العنوان
العنوان THE BOSNIAN MUSLIMS: DENIAL OF A NATION /
بيان المسئوليه,etc FRIEDMAN, FRANCINE
260 ## - PUBLICATION, DISTRIBUTION, ETC. (IMPRINT)
تاريخ النشر أو التوزيع 1996
300 ## - الوصف المادى
التعداد 288 P
650 04 - المدخل الاضافى بالموضوع-مصطلح موضوعى
مصطلح موضوعي BOSNIA AND HERCEGOVINA - ETHIC
650 04 - المدخل الاضافى بالموضوع-مصطلح موضوعى
مصطلح موضوعي NATIONALISM - BOSNIA AND HEREGOV
650 04 - المدخل الاضافى بالموضوع-مصطلح موضوعى
مصطلح موضوعي MUSLIM - BOSNIA AND HERCEGOVINA
942 ## - عناصر المدخل الإضافي( كوها)
مصدر التصنيف او مخطط الترفيف Dewey Decimal Classification
Koha [default] item type كتاب
260 ## - PUBLICATION, DISTRIBUTION, ETC. (IMPRINT)
-- [S.N] :
-- WESTVIEW PRESS ،
Holdings
حالة التراجع حالة الفقد حالة تلف ليس للاعارة المكان المؤقت الموقع الحالى تاريخ الاكتساب اجمالي اﻻعارات رقم الطلب الباركود تاريخ اخر مشاهدة تاريخ تفعيل السعر نوع وعاء كوها
        مكتبة القاهرة الكبرى مكتبة القاهرة الكبرى 03/26/2014   305.6971049742\F B 26509 03/26/2014 03/26/2014 كتاب
        مكتبة القاهرة الكبرى مكتبة القاهرة الكبرى 03/26/2014   305.6971049742\F B 26510 03/26/2014 03/26/2014 كتاب
        مكتبة القاهرة الكبرى مكتبة القاهرة الكبرى 03/26/2014   305.6971049742\F B 26511 03/26/2014 03/26/2014 كتاب

Powered By

EGPV